[Event "VII Open"]
[Site "Figueira da Foz POR"]
[Date "2010.11.07"]
[Round "9.30"]
[White "Pena,Hel"]
[Black "Oliveira,Ricardo Jorge"]
[Result "1-0"]
[WhiteElo "1924"]
[BlackElo "1730"]

1.d4 Nf6 2.c4 e6 3.Nc3 Bb4 4.Qc2 O-O 5.a3 Bxc3+ 6.bxc3 b6 7.e4 d6 8.Bg5 e5
9.f4 Nbd7 10.Nf3 Qe8 11.Bd3 h6 12.fxe5 dxe5 13.Bh4 Nh5 14.O-O Nf4 15.Bg3 Nxd3
16.Qxd3 f6 17.Rf2 Bb7 18.Re1 c5 19.dxe5 Nxe5 20.Bxe5 fxe5 21.Qd6 Rd8 22.Qxe5 Qxe5
23.Nxe5 Rxf2 24.Kxf2 Re8 25.Ng4 Rxe4 26.Ne3 Ba6 27.Rd1 Rf4+ 28.Kg3 Rf7 29.a4 Re7
30.Kf2 Rf7+ 31.Ke2 Re7 32.Rd8+ Kf7 33.Kd3 Bb7 34.Nd5 Bxd5 35.cxd5 Rb7 36.Rd6 Ke7
37.Re6+ Kf7 38.Rc6 Rd7 39.c4 Ke7 40.Rg6 Kf7 41.Rg3 Rd6 42.Ke4 g5 43.Ke5 Ke7
44.Rf3 Rg6 45.g4 a6 46.Rb3 Rd6 47.Rc3 Rg6 48.a5 bxa5 49.Ra3 Rf6 50.Rxa5 Rf2
51.Rxc5 Re2+ 52.Kd4 Rxh2 53.Ra5 Rg2 54.c5 Rxg4+ 55.Ke5 Rg1 56.Rxa6 Re1+ 57.Kf5 Rf1+
58.Kg6 g4 59.Ra7+ Ke8 60.d6 g3 61.c6 g2 62.Ra8+  1-0

[Event "TCh-SUI 2010"]
[Site "Switzerland SUI"]
[Date "2010.11.07"]
[Round "9.8"]
[White "Fabre,M"]
[Black "Toth,Be1"]
[Result "1/2-1/2"]
[WhiteElo "2081"]
[BlackElo "2358"]

1.d4 Nf6 2.c4 e6 3.Nc3 Bb4 4.Qc2 O-O 5.a3 Bxc3+ 6.Qxc3 b6 7.Bg5 c5 8.dxc5 bxc5
9.f3 Nc6 10.Nh3 Rb8 11.e3 d6 12.Bd3 Ne5 13.Bb1 Qb6 14.Bxf6 gxf6 15.Ra2 Ba6
16.f4 Bxc4 17.Ra1 Qxb2 18.Qxb2 Rxb2 19.fxe5 Rfb8 20.exd6 Rxb1+ 21.Rxb1 Rxb1+
22.Kd2 Rb6 23.Kc3 Bd5 24.Rd1 f5 25.Nf2 Rxd6 26.e4 fxe4 27.Nxe4 Ra6 28.Nf6+ Kg7
29.Nxd5 exd5 30.Rxd5 Rxa3+ 31.Kc4 Ra2 32.Rg5+ Kf6 33.Rg3 Rc2+ 34.Kb3 Re2
35.Kc4 Re5 36.Ra3 h5 37.Ra6+ Re6 38.Rxa7 Re2 39.g3 Rxh2 40.Kxc5 Rh3 41.Kd4 Rxg3
42.Ke4 Rb3 43.Kf4 Kg6 44.Ra8 Rb4+ 45.Kg3 Rg4+ 46.Kf3 Rg5 47.Ra4 Kh6 48.Ra8 Kg7
49.Ra4 Rg6 50.Rh4 Rh6 51.Kg3 Kg6 52.Ra4 Kg5 53.Ra8 h4+ 54.Kh3 f5 55.Ra4 Re6
56.Rb4 Re3+ 57.Kg2 h3+ 58.Kh2 f4 59.Rb8 Kg4 60.Rf8 Re2+ 61.Kg1 Kf3 62.Ra8 Re1+
63.Kh2 Kf2 64.Kxh3 f3 65.Ra2+ Re2 66.Ra1 Re3 67.Rb1 Re8 68.Rb2+ Ke3 69.Rb3+ Kf4
70.Rb4+ Re4 71.Rb3 Re2 72.Rb4+ Ke3 73.Rb3+ Kf2 74.Rb1 Rd2  1/2-1/2

[Event "TCh-HUN 2010-11"]
[Site "Szombathely HUN"]
[Date "2010.11.07"]
[Round "2"]
[White "Vavrak,P"]
[Black "Groszpeter,A"]
[Result "0-1"]
[WhiteElo "2466"]
[BlackElo "2525"]

1.d4 Nf6 2.c4 e6 3.Nc3 Bb4 4.Qc2 O-O 5.e4 d6 6.Bd3 Nc6 7.Ne2 Ba5 8.O-O Bb6
9.d5 Nb4 10.Qd2 exd5 11.cxd5 Ng4 12.Nf4 Nxd3 13.Nxd3 f5 14.h3 fxe4 15.Nxe4 Bf5
16.Ng5 Ne3 17.fxe3 Qxg5 18.Nf4 Be4 19.Kh2 Qe5 20.h4 Bxd5 21.Qd3 Qe4 22.Qxe4 Bxe4
23.Bd2 Rae8 24.b4 Bc6 25.Rfe1 Re4 26.a4 a6 27.Kg3 Rfe8 28.Ra3 d5 29.b5 axb5
30.axb5 Bxb5 31.Nxd5 Bc5 32.Ra5 Bd6+ 33.Nf4 Bxf4+ 34.exf4 Rxe1 35.Bxe1 Rxe1
36.Rxb5 b6 37.Kg4 Re6 38.f5 Rd6 39.Kg5 h6+ 40.Kh5 Kf7 41.g4 c5 42.g5 hxg5
43.hxg5 c4 44.Rb4 Rc6 45.Ra4 c3 46.Ra7+ Ke8 47.f6 gxf6 48.g6 Rc5+ 49.Kh4 Kf8  0-1

[Event "TCh-HUN 2010-11"]
[Site "Szombathely HUN"]
[Date "2010.11.07"]
[Round "2"]
[White "Szabo,Ben"]
[Black "Nagy,Ga1"]
[Result "1-0"]
[WhiteElo "2375"]
[BlackElo "2372"]

1.d4 Nf6 2.c4 e6 3.Nc3 Bb4 4.Qc2 O-O 5.a3 Bxc3+ 6.Qxc3 d5 7.Bg5 h6 8.Bh4 g5
9.Bg3 Ne4 10.Qc2 c5 11.f3 Nxg3 12.hxg3 Qa5+ 13.Qc3 Qxc3+ 14.bxc3 Kg7 15.e3 Nc6
16.g4 dxc4 17.Bxc4 f5 18.gxf5 exf5 19.Ne2 Na5 20.Ba2 Bd7 21.Kd2 cxd4 22.cxd4 Rac8
23.Rac1 Rxc1 24.Rxc1 Rc8 25.Rxc8 Bxc8 26.e4 fxe4 27.fxe4 Nc6 28.Ke3 Kf6 29.Nc3 h5
30.Nb5 Bd7 31.Nd6 b6 32.e5+ Nxe5 33.Ne4+ Kf5 34.dxe5 Bc6 35.e6 Bxe4 36.Bb1 Kxe6
37.Kxe4 b5 38.Ba2+ Kd6 39.Kf5 Kc5 40.Kxg5 Kd4 41.Kxh5  1-0

[Event "ch-ISR"]
[Site "Haifa ISR"]
[Date "2010.11.08"]
[Round "1.3"]
[White "Golod,V"]
[Black "Krayz,A"]
[Result "1-0"]
[WhiteElo "2582"]
[BlackElo "2339"]

1.d4 e6 2.c4 Nf6 3.Nc3 Bb4 4.Qc2 O-O 5.a3 Bxc3+ 6.Qxc3 d6 7.f3 Qe7 8.e4 e5
9.Ne2 Re8 10.d5 a5 11.Be3 b6 12.b3 Nbd7 13.Ng3 Nf8 14.Bd3 Ng6 15.Qd2 Bd7
16.O-O h6 17.b4 axb4 18.axb4 Qf8 19.c5 bxc5 20.bxc5 c6 21.dxc6 Bxc6 22.cxd6 Qxd6
23.Nf5 Qf8 24.Rac1 Rec8 25.Bc4 Kh7 26.Kh1 Be8 27.Rfd1 Ba4 28.Re1 Rd8 29.Qf2 Rd7
30.Ra1 Qb4 31.Rec1 Kg8 32.Rab1 Qf8 33.h3 Nh7 34.Kh2 Rc8 35.Qa2 Ra8 36.Qb2 Nf4
37.Qxe5 Nd3 38.Bxd3 Rxd3 39.Bxh6 Re8 40.Qg3 g6 41.Bxf8 Rxf8 42.Rb6  1-0

[Event "ch-ISR"]
[Site "Haifa ISR"]
[Date "2010.11.14"]
[Round "5.3"]
[White "Postny,E"]
[Black "Nabaty,T"]
[Result "0-1"]
[WhiteElo "2604"]
[BlackElo "2529"]

1.d4 Nf6 2.c4 e6 3.Nc3 Bb4 4.Qc2 O-O 5.a3 Bxc3+ 6.Qxc3 b6 7.Nf3 Bb7 8.e3 Ne4
9.Qc2 a5 10.b3 d6 11.Be2 Nd7 12.O-O f5 13.Bb2 Qe7 14.Rad1 Rae8 15.b4 axb4
16.axb4 Ndf6 17.Ne1 Ng4 18.h3 Qh4 19.Nf3 Qh6 20.Bd3 Ngf6 21.d5 e5 22.Nh2 Bc8
23.Bc1 Qh4 24.f4 Qg3 25.Rf3 Qg6 26.Rff1 Re7 27.Rfe1 Bd7 28.Nf1 Ra8 29.Qb2 Ba4
30.Bc2 Bxc2 31.Qxc2 Rae8 32.Bd2 Nh5 33.Ra1 Qf6 34.Qb2 Qh4 35.Re2 Nxd2 36.Qxd2 exf4
37.Rae1 f3 38.gxf3 Qxc4 39.Rc1 Qb5 40.Rg2 Nf6 41.Ng3 Qxd5 42.Qxd5+ Nxd5 43.Nxf5 Rd7
44.b5 Re5 45.e4 Nf4 46.Rgc2 Rc5 47.Kh2 Ne6 48.Rxc5 dxc5 49.Kg3 g6 50.Nh6+ Kg7
51.Ng4 Nd4 52.Rb1 Ne2+ 53.Kf2 Rd2 54.Ke3 Ra2 55.e5 Nc3 56.Re1 Nxb5 57.e6 Ra8
58.Ke4 Nd4 59.Kd5 Rd8+ 60.Kc4 Re8 61.Kd5 Rd8+ 62.Kc4 Nxf3 63.Re3 Nd4 64.Re4 c6
65.Re1 Re8 66.Rb1 Nb5 67.Rd1 Nd4 68.Rb1 h5 69.Nf2 Nb5 70.Re1 Nd6+  0-1

[Event "ch-UKR w"]
[Site "Poltava UKR"]
[Date "2010.11.14"]
[Round "2"]
[White "Yushko,O"]
[Black "Aniper,Veronika"]
[Result "1-0"]
[WhiteElo "2119"]
[BlackElo "1746"]

1.d4 Nf6 2.c4 e6 3.Nc3 Bb4 4.Qc2 O-O 5.Nf3 b6 6.a3 Bxc3+ 7.Qxc3 Bb7 8.g3 d6
9.Bg2 Qe7 10.O-O Nbd7 11.b4 a5 12.Bb2 Ne4 13.Qc2 f5 14.Rfd1 Ng5 15.Nxg5 Bxg2
16.Qd2 Bb7 17.d5 e5 18.Ne6 Rf6 19.f4 Rg6 20.fxe5 dxe5 21.Qe3 Qh4 22.Bxe5 axb4
23.Nxc7 Rf8 24.Bf4 Nc5 25.axb4 Ne4 26.Ra7 Bc8 27.d6 Nf6 28.Rd4 Qh5 29.Qf3 Ng4
30.h4 Nf6 31.Qxh5 Nxh5 32.Kf2 Nxf4 33.gxf4 Rd8 34.c5 bxc5 35.bxc5 Kf8 36.Ra8 Kf7
37.Rd5 Rf6 38.d7 Rxd7 39.Rxc8 Rxd5 40.Nxd5 Ra6 41.Nb4 Ra4 42.Nd3 Ke6 43.Rd8 Ke7
44.Rd5 g6 45.Kf3 Ra3 46.e3 Ra1 47.c6 Ra6 48.Ne5  1-0

[Event "Podgaets Memorial"]
[Site "Odessa UKR"]
[Date "2010.11.20"]
[Round "1"]
[White "Kozak,L"]
[Black "Kigel,D"]
[Result "0-1"]
[WhiteElo "2340"]
[BlackElo "2154"]

1.d4 Nf6 2.c4 e6 3.Nc3 Bb4 4.Qc2 O-O 5.a3 Bxc3+ 6.Qxc3 d6 7.Bg5 Nbd7 8.Qc2 b6
9.e4 Bb7 10.f3 c5 11.d5 Qe7 12.Be2 a6 13.Nh3 b5 14.dxe6 fxe6 15.cxb5 axb5
16.Bxb5 Ba6 17.Bxa6 Rxa6 18.O-O Rb8 19.Rab1 h6 20.Bh4 Qf7 21.f4 d5 22.Bxf6 Qxf6
23.Rfd1 d4 24.e5 Qf5 25.Qxf5 exf5 26.Nf2 Kf7 27.Rd3 g5 28.g3 Nf8 29.fxg5 hxg5
30.Rf3 Ke6 31.Nd3 Kd5 32.Rxf5 Ne6 33.Rff1 Ra4 34.Kf2 Rc4 35.Rfe1 Rb3 36.Rbd1 Rc2+
37.Re2 Rxe2+ 38.Kxe2 c4 39.Nb4+ Kxe5 40.Rd2 Ke4 41.Kf2 d3 42.Na2 Rb8 43.Nc3+ Kd4
44.Ne2+ Ke5 45.Nc3 Rf8+ 46.Ke1 Nd4 47.Rf2 Nf3+ 48.Kd1 g4 49.Kc1 Kd4 50.Nd1 Rh8
51.h4 gxh3 52.Rxf3 h2 53.Rf4+ Kd5 54.Nf2 h1=Q+ 55.Nxh1 Rxh1+ 56.Kd2 Rh2+
57.Kc1 Rc2+ 58.Kb1 Rg2 59.Kc1 Rxg3 60.Rh4 Rg1+ 61.Kd2 Rg2+ 62.Kc1 Rc2+ 63.Kb1 Rf2
64.Kc1 Rf1+ 65.Kd2 Rf2+ 66.Kc1 Rc2+ 67.Kb1 Re2 68.Kc1 Re1+ 69.Kd2 Rb1 70.Rh5+ Kd4
71.Rh4+ Kd5 72.Rh5+ Kc6 73.b4 cxb3 74.Kxd3 Rc1 75.Rh2 Kb5 76.Rb2 Ka4 77.Kd2 Rc5
78.Rb1 Kxa3 79.Ra1+ Kb2 80.Ra8 Rd5+ 81.Ke2 Kb1 82.Rc8 b2 83.Rc7 Ka2 84.Ra7+ Kb3
85.Rb7+ Kc3 86.Rc7+ Kb4  0-1

[Event "TCh-HUN 2010-11"]
[Site "Budapest HUN"]
[Date "2010.11.21"]
[Round "3"]
[White "Varga,P1"]
[Black "Ilincic,Z"]
[Result "1/2-1/2"]
[WhiteElo "2411"]
[BlackElo "2447"]

1.d4 Nf6 2.c4 e6 3.Nc3 Bb4 4.Qc2 O-O 5.a3 Bxc3+ 6.Qxc3 b6 7.Nf3 Bb7 8.Bg5 d6
9.g3 Nbd7 10.Bg2 h6 11.Bxf6 Nxf6 12.O-O c5 13.Rfd1 Qc7 14.dxc5 Qxc5 15.Qd4 Rfd8
16.Qxc5 bxc5 17.b4 cxb4 18.axb4 a6 19.Ne1 Bxg2 20.Kxg2 Kf8 21.Ra5 Ne8 22.Nd3 Nc7
23.Rda1 Rab8 24.f4 Rb6 25.Kf3 Rc6 26.c5 f6 27.h4 Ke7 28.R1a4 Rb8 29.g4 Rb5
30.h5 Rb8 31.Ra1 Rb5 32.Rxb5 Nxb5 33.e3 Nc7 34.e4 e5 35.f5 Kd7 36.Ke3 Kc8
37.cxd6 Rxd6 38.Rc1  1/2-1/2

[Event "TCh-HUN 2010-11"]
[Site "Budapest HUN"]
[Date "2010.11.21"]
[Round "3"]
[White "Erdos,V"]
[Black "Szabo,Zso2"]
[Result "1-0"]
[WhiteElo "2576"]
[BlackElo "2433"]

1.d4 Nf6 2.c4 e6 3.Nc3 Bb4 4.Qc2 O-O 5.Nf3 d6 6.Bg5 Nbd7 7.e3 Qe8 8.Be2 Bxc3+
9.bxc3 b6 10.Nd2 Bb7 11.O-O h6 12.Bh4 c5 13.e4 e5 14.dxe5 dxe5 15.Rfd1 Qe6
16.f3 Rad8 17.Nf1 Nb8 18.Ne3 Rxd1+ 19.Rxd1 Nc6 20.Nf5 Ne8 21.Qd2 f6 22.Qd5 Qf7
23.f4 Kh7 24.Qxf7 Rxf7 25.Bg3 g6 26.Ne3 exf4 27.Bxf4 h5 28.h4 Re7 29.Bf3 Ne5
30.Bxe5 fxe5 31.Rd8 Nf6 32.Nd5 Bxd5 33.cxd5 Rd7 34.Ra8 Kg7 35.Kf2 Kf7 36.Ke3 Ke7
37.a4 Kd6 38.Kd3 Re7 39.Rf8 Ne8 40.Rg8 Ng7 41.Kc4 Kc7 42.a5 Kd6 43.Bd1 Rf7
44.Ba4 bxa5 45.g3  1-0

[Event "XXIII Belgrade Trophy"]
[Site "Obrenovac SRB"]
[Date "2010.11.25"]
[Round "2.14"]
[White "Maksimovic,Ma"]
[Black "Drasko,M"]
[Result "0-1"]
[WhiteElo "2194"]
[BlackElo "2479"]

1.d4 e6 2.c4 Nf6 3.Nc3 Bb4 4.Qc2 O-O 5.a3 Bxc3+ 6.Qxc3 b6 7.Nf3 d6 8.g3 Nbd7
9.Bg2 Bb7 10.O-O Rc8 11.Nd2 Bxg2 12.Kxg2 c5 13.dxc5 Rxc5 14.b4 Qa8+ 15.Kg1 Rc7
16.Qd4 d5 17.Bb2 dxc4 18.Nxc4 Qe4 19.Ne3 Qxd4 20.Bxd4 Rfc8 21.Bb2 Kf8 22.Rfd1 Ke7
23.Rd3 Nf8 24.Rad1 Rd7 25.f3 Rxd3 26.Rxd3 N8d7 27.Kf2 g6 28.Ke1 e5 29.Kd2 Ke6
30.Nc2 b5 31.e4 Nb6 32.Ne3 Nc4+ 33.Nxc4 bxc4 34.Re3 Nd7 35.f4 f6 36.Kc2 Nb6
37.Bc1 Na4 38.Rf3 Rd8 39.Re3 a6 40.Bd2 Nb6 41.Rc3 Rc8 42.a4 exf4 43.gxf4 f5
44.Be3 Nd7 45.e5 Kd5 46.Bc1 Nf8 47.Rh3 Rc7 48.Kc3 Ne6 49.Be3 Ke4 50.Bb6 Rc6
51.Be3 Rc7 52.Bb6 Re7 53.Be3 Nxf4 54.Bxf4 Kxf4  0-1

[Event "XXIII Belgrade Trophy"]
[Site "Obrenovac SRB"]
[Date "2010.11.25"]
[Round "2.27"]
[White "Lopez Colon,F"]
[Black "Nestorovic,De"]
[Result "0-1"]
[WhiteElo "2141"]
[BlackElo "2397"]

1.d4 Nf6 2.c4 e6 3.Nc3 Bb4 4.Qc2 O-O 5.a3 Bxc3+ 6.Qxc3 Ne4 7.Qc2 f5 8.e3 b6
9.Bd3 Bb7 10.Ne2 c5 11.f3 Nf6 12.O-O Nc6 13.b3 Qe7 14.Bb2 g6 15.Rfe1 d6 16.Nf4 Nd8
17.d5 e5 18.Nh3 Nf7 19.f4 Rae8 20.Qc3 Bc8 21.Nf2 Nh5 22.Be2 Ng7 23.g3 g5
24.Kg2 Qf6 25.Rg1 Qh6 26.Kh1 Kh8 27.Rg2 Nh5 28.g4 Nf6 29.Rag1 Rg8 30.gxf5 gxf4
31.e4 Qh4 32.Rxg8+ Rxg8 33.Rxg8+ Kxg8 34.Qf3 Ng5 35.Qg2 Kf8 36.Bf3 Bd7 37.Bc3 Be8
38.Be1 Nxf3 39.Qxf3 Bh5 40.Qg2 Be2 41.Bd2 Qh5  0-1

[Event "TCh-SVK Extraliga 2010-11"]
[Site "Cadca SVK"]
[Date "2010.11.27"]
[Round "1"]
[White "Fedorko,S"]
[Black "Lisko,F"]
[Result "0-1"]
[WhiteElo "2092"]
[BlackElo "2299"]

1.d4 Nf6 2.c4 e6 3.Nc3 Bb4 4.Qc2 O-O 5.a3 Bxc3+ 6.Qxc3 b6 7.Bg5 c5 8.e3 d6
9.Bd3 Nbd7 10.Ne2 Ba6 11.O-O Rc8 12.Rac1 h6 13.Bh4 Qe7 14.Rfd1 Rc7 15.b4 cxd4
16.exd4 Bxc4 17.Bxc4 d5 18.Qb3 dxc4 19.Rxc4 Rfc8 20.Rdc1 Rxc4 21.Rxc4 Rxc4
22.Qxc4 a5 23.f3 axb4 24.axb4 g5 25.Bg3 Nd5 26.b5 h5 27.Qc6 h4 28.Bd6 Qd8
29.g3 N7f6 30.Ba3 Nh5 31.Kf2 Qf6 32.Qc8+ Kh7 33.Qc2+ Qg6 34.Qd2 g4 35.fxg4 Qxg4
36.Qd3+ Kg7 37.Qf3 Nhf6 38.Qxg4+ Nxg4+  0-1

[Event "XXIII Belgrade Trophy"]
[Site "Obrenovac SRB"]
[Date "2010.11.27"]
[Round "4.21"]
[White "Maksimovic,Ma"]
[Black "Rajkovic,Du"]
[Result "1/2-1/2"]
[WhiteElo "2194"]
[BlackElo "2425"]

1.d4 Nf6 2.c4 e6 3.Nc3 Bb4 4.Qc2 O-O 5.a3 Bxc3+ 6.Qxc3 b6 7.Nf3 Bb7 8.g3 d6
9.Bg2 Nbd7 10.O-O c5 11.dxc5 Nxc5 12.Nd2 Bxg2 13.Kxg2 Rc8 14.b4 Na4 15.Qb3 Qd7
16.Bb2 d5 17.Bxf6 dxc4 18.Nxc4 gxf6 19.Rac1 Rfd8 20.Ne3 b5 21.Ng4 Qd4 22.Qf3 f5
23.Rxc8 Rxc8 24.Nh6+ Kg7 25.Nxf7 Rc3 26.Ng5 Qd7 27.e3 Nb2 28.Qh5 h6 29.Nh3 e5
30.e4 Qf7 31.Qxf7+ Kxf7 32.exf5 Rxa3 33.Re1 Kf6 34.g4 Nc4 35.Rd1 a5 36.Rd5 axb4
37.Rxb5 b3 38.f4 b2 39.fxe5+ Nxe5 40.Rb6+ Kg7 41.f6+ Kf7 42.g5 b1=Q 43.Rxb1 hxg5
44.Rb6 Ra2+  1/2-1/2

[Event "XXIII Belgrade Trophy"]
[Site "Obrenovac SRB"]
[Date "2010.12.02"]
[Round "9.43"]
[White "Halldorsson,J"]
[Black "Marinkov,S"]
[Result "1/2-1/2"]
[WhiteElo "2196"]
[BlackElo "1939"]

1.d4 Nf6 2.c4 e6 3.Nc3 Bb4 4.Qc2 O-O 5.a3 Bxc3+ 6.Qxc3 b6 7.Nf3 Bb7 8.g3 d6
9.Bg2 c5 10.dxc5 dxc5 11.O-O Nbd7 12.Rd1 Qe7 13.b3 Ne4 14.Qc2 Rad8 15.Ng5 Nxg5
16.Bxb7 Nh3+ 17.Kg2 Ne5 18.Bf3 Rxd1 19.Qxd1 Rd8 20.Qc2 Nxf3 21.exf3 Ng5 22.Bb2 Qb7
23.Qe2 Rd2 24.Qxd2 Qxf3+ 25.Kf1 Qh1+ 26.Ke2 Qf3+ 27.Kf1 Qh1+  1/2-1/2

[Event "31st Crespi Memorial"]
[Site "Milan ITA"]
[Date "2010.12.07"]
[Round "9"]
[White "Saric,S"]
[Black "Bellia,F"]
[Result "1/2-1/2"]
[WhiteElo "2452"]
[BlackElo "2399"]

1.d4 Nf6 2.c4 e6 3.Nc3 Bb4 4.Qc2 O-O 5.e4 d5 6.e5 Ne4 7.Bd3 c5 8.Ne2 cxd4
9.Nxd4 Nd7 10.Bf4 Ndc5 11.O-O Nxd3 12.Qxd3 Bxc3 13.bxc3 b6 14.cxd5 exd5 15.Rfe1 Qd7
16.Re3 Qa4 17.Qd1 Qxd1+ 18.Rxd1 Nc5 19.Nb5 Be6 20.Bg5 Rfc8 21.Be7 a6 22.Bxc5 axb5
23.Bxb6  1/2-1/2

[Event "48th ch-IND"]
[Site "New Delhi IND"]
[Date "2010.12.10"]
[Round "2"]
[White "Debashis,D"]
[Black "Stany,G"]
[Result "1/2-1/2"]
[WhiteElo "2411"]
[BlackElo "2329"]

1.d4 Nf6 2.c4 e6 3.Nc3 Bb4 4.Qc2 O-O 5.a3 Bxc3+ 6.Qxc3 b6 7.Bg5 Bb7 8.e3 d6
9.Ne2 Nbd7 10.Qc2 h6 11.Bh4 c5 12.Rd1 cxd4 13.Rxd4 Qe7 14.Nc3 Rfd8 15.f3 Ne5
16.Be2 Ng6 17.Bg3 Rac8 18.O-O d5 19.cxd5 Nxd5 20.Nxd5 Rxd5 21.Qd2 Rcd8 22.Rxd5 Rxd5
23.Qc1 Qd7 24.Rd1 Ne7 25.Rxd5 Bxd5 26.Qc3 Bc6 27.Kf2 Bb5 28.Bxb5 Qxb5 29.Qd2 Nc6
30.Bd6 Qb3 31.Bb4 Nxb4 32.axb4 Qc4  1/2-1/2

[Event "48th ch-IND"]
[Site "New Delhi IND"]
[Date "2010.12.10"]
[Round "2"]
[White "Sethuraman,S"]
[Black "Venkatesh,M"]
[Result "1/2-1/2"]
[WhiteElo "2547"]
[BlackElo "2434"]

1.d4 Nf6 2.c4 e6 3.Nc3 Bb4 4.Qc2 O-O 5.e4 d5 6.e5 Ne4 7.Bd3 c5 8.Nf3 cxd4
9.Nxd4 Nd7 10.Bf4 Qh4 11.g3 Qh5 12.h4 f6 13.cxd5 exd5 14.Qb3 Nxc3 15.bxc3 fxe5
16.Qxd5+ Kh8 17.cxb4 Nf6 18.Qc5 Bg4 19.Be2 exd4 20.Qxh5 Bxh5 21.Be5 Bxe2
22.Kxe2 Rfe8 23.f4 Ng4 24.Kd3 Nxe5+ 25.fxe5 Rxe5 26.Kxd4  1/2-1/2

[Event "48th ch-IND"]
[Site "New Delhi IND"]
[Date "2010.12.14"]
[Round "6"]
[White "Sethuraman,S"]
[Black "Laxman,R"]
[Result "1/2-1/2"]
[WhiteElo "2547"]
[BlackElo "2479"]

1.d4 Nf6 2.c4 e6 3.Nc3 Bb4 4.Qc2 O-O 5.e4 d6 6.a3 Bxc3+ 7.bxc3 e5 8.Bd3 c5
9.d5 Nbd7 10.Ne2 Nh5 11.h4 Re8 12.f3 Nf8 13.Bg5 f6 14.Be3 Ng6 15.g3 Bd7 16.Kf2 Rf8
17.a4 a6 18.a5 b5 19.axb6 Qxb6 20.Rhb1 Qc7 21.Qb3 Bc8 22.Qb6 Qe7 23.Qc6 Ra7
24.Rb8 Rc7 25.Qb6 h6 26.Bc2 Rb7 27.Rxb7 Bxb7 28.Rh1 f5 29.exf5 e4 30.f4 Rxf5
31.Bxc5 Ngxf4 32.gxf4 dxc5 33.Ke3 Rf6 34.Qa7 Qc7 35.Rb1 Rf7 36.d6 Qc8 37.Bxe4 Bxe4
38.Rb8 Rxa7 39.Rxc8+ Kf7 40.Kxe4 Ke6 41.Rxc5 Nf6+ 42.Kf3 a5 43.Nd4+ Kxd6
44.Re5 Kd7 45.c5 a4 46.c6+ Kd8 47.Nb5 Ra8 48.Re2 a3 49.c7+ Kc8 50.Re7 Ra6
51.Rf7 Ne8 52.Rf8 Re6 53.f5 Re1 54.Rf7 Nxc7 55.Rxc7+ Kb8 56.Ra7 Re5 57.Kg4 Rxb5
58.Rxa3 Rc5 59.Ra6 Rxc3 60.Kh5 Rf3 61.Kg6 h5 62.Ra5 Rg3+ 63.Kxh5 Kc8 64.Rd5 Kc7
65.Rd4 Rg1 66.Rd2 Rg3 67.Re2 Kd8 68.Re6 Rg1 69.Re4 Rg2 70.Re5 Rg1 71.Re6 Rg2
72.Rg6 Rf2 73.Kg5 Rg2+ 74.Kh5 Rf2 75.Rxg7 Rxf5+ 76.Rg5 Rf1 77.Re5 Rg1 78.Kh6 Kd7
79.Rg5 Rf1 80.Kg7 Ke7 81.Re5+ Kd6 82.Rg5 Ke7 83.Re5+ Kd6 84.Re4 Rg1+ 85.Kf6 Rf1+
86.Kg6 Rg1+ 87.Kh6 Kd7 88.Re5 Rg2 89.Rg5 Rf2 90.h5 Ke7 91.Kg7 Rf7+ 92.Kg6  1/2-1/2

[Event "17th Open A"]
[Site "Zadar CRO"]
[Date "2010.12.15"]
[Round "5.8"]
[White "Rezan,S"]
[Black "Zelcic,R"]
[Result "1/2-1/2"]
[WhiteElo "2423"]
[BlackElo "2539"]

1.d4 Nf6 2.c4 e6 3.Nc3 Bb4 4.Qc2 O-O 5.e4 d5 6.e5 Ne4 7.Bd3 c5 8.Ne2 cxd4
9.Nxd4 Nd7 10.Bf4 Ndc5 11.O-O Nxd3 12.Qxd3 Bxc3 13.bxc3 Qh4 14.Qe3 b6 15.f3 Nc5
16.Bg5 Qh5 17.Be7 Re8 18.Bxc5 bxc5 19.Nb5 Rd8 20.Rae1 Ba6 21.Qxc5 Rdc8 22.Qa3 Bxb5
23.cxb5 Qh4 24.f4 Qd8 25.f5 Qb6+ 26.Kh1 Qxb5 27.Qe7 Qe8 28.Qg5 exf5 29.Qxf5 Qe6
30.Qf3 Rc5 31.h3 Rac8 32.Rd1 h6 33.Rd3 Ra5 34.Rf2 Rc7 35.Rfd2 Rcc5 36.c4 Rxc4
37.Rxd5 Rxd5 38.Rxd5 Rc1+ 39.Kh2 Qb6 40.Qd3 Qg1+ 41.Kg3 g6 42.Rd8+ Kg7 43.Qd4 Qxd4
44.Rxd4 Rc3+ 45.Kf4 g5+ 46.Kf5 Rc2 47.Ra4 Rf2+ 48.Kg4 Rxg2+ 49.Kf3 Rh2 50.Kg3 Re2
51.Ra5 h5 52.Kf3 Re1 53.Kf2 Re4 54.Kf3 Rf4+ 55.Kg2 Rf5 56.a4 h4 57.Kg1 Kf8
58.Kg2 Ke8 59.Kg1 Ke7 60.Rxa7+ Ke6 61.Ra6+ Kd5 62.Rf6 Rxe5 63.Rxf7 Re3  1/2-1/2

[Event "European Rapid Championship"]
[Site "Warsaw POL"]
[Date "2010.12.18"]
[Round "2"]
[White "Maleki,N"]
[Black "Romanov,E"]
[Result "0-1"]
[WhiteElo "2169"]
[BlackElo "2605"]

1.d4 Nf6 2.c4 e6 3.Nc3 Bb4 4.Qc2 O-O 5.e4 d6 6.a3 Bxc3+ 7.bxc3 Nc6 8.Bd3 e5
9.Ne2 Nd7 10.O-O b6 11.f4 Ba6 12.c5 Bxd3 13.Qxd3 bxc5 14.fxe5 cxd4 15.exd6 Nde5
16.Qg3 Qxd6 17.Bf4 d3 18.Rfd1 Rad8 19.Bxe5 Nxe5 20.Nd4 Rfe8 21.Rd2 c5 22.Nf5 Qg6
23.Qxg6 hxg6 24.Ne3 Rb8 25.Nd5 Rb3 26.a4 Reb8  0-1

[Event "19th Donau Open"]
[Site "Aschach AUT"]
[Date "2010.12.27"]
[Round "3"]
[White "Handler,L"]
[Black "Sakelsek,T"]
[Result "1/2-1/2"]
[WhiteElo "2253"]
[BlackElo "2401"]

1.d4 Nf6 2.c4 e6 3.Nc3 Bb4 4.Qc2 O-O 5.a3 Bxc3+ 6.Qxc3 b6 7.Bg5 Bb7 8.f3 c5
9.dxc5 bxc5 10.e3 a5 11.Bd3 d6 12.Ne2 Nbd7 13.O-O Qb6 14.Rfd1 h6 15.Bh4 d5
16.cxd5 Nxd5 17.Qc1 Ne5  1/2-1/2

[Event "WSB Masters GM"]
[Site "Wroclaw POL"]
[Date "2010.12.27"]
[Round "1"]
[White "Golichenko,I"]
[Black "Piorun,K"]
[Result "1-0"]
[WhiteElo "2417"]
[BlackElo "2513"]

1.d4 Nf6 2.c4 e6 3.Nc3 Bb4 4.Qc2 O-O 5.a3 Bxc3+ 6.Qxc3 Qe8 7.g3 d6 8.Bg2 e5
9.dxe5 dxe5 10.Nf3 Nc6 11.b4 Ne4 12.Qc2 Nd6 13.Bb2 f6 14.c5 Nf7 15.O-O Be6
16.Nh4 Qc8 17.f4 exf4 18.gxf4 Bh3 19.Be4 Qg4+ 20.Ng2 Qh5 21.Rf3 Bxg2 22.Kxg2 Kh8
23.Rg1 Rad8 24.e3 Ne7 25.Kh1 Nh6 26.Qg2 Nef5 27.Rh3 Qf7 28.Bb1 c6 29.Qc2 Rg8
30.Bc3 Qe6 31.Rxh6 gxh6 32.Rxg8+ Rxg8 33.Qxf5 Qxf5 34.Bxf5 Kg7 35.Be6 Rd8
36.Bd4 Ra8 37.Kg2 Kg6 38.Kf3 a5 39.f5+ Kg7 40.e4 axb4 41.axb4 Ra3+ 42.Ke2 Rh3
43.e5 Rxh2+ 44.Kf3  1-0

[Event "27th Christmas Open"]
[Site "Geneva SUI"]
[Date "2010.12.29"]
[Round "6"]
[White "Fabre,M"]
[Black "Bertola,N"]
[Result "1-0"]
[WhiteElo "2093"]
[BlackElo "1999"]

1.d4 Nf6 2.c4 e6 3.Nc3 Bb4 4.Qc2 O-O 5.a3 Bxc3+ 6.Qxc3 Qe8 7.f3 d6 8.Bg5 Nfd7
9.e3 e5 10.Be2 a5 11.Nh3 Nc6 12.dxe5 Ndxe5 13.Nf2 a4 14.O-O f5 15.Bf4 Be6
16.c5 Ra5 17.cxd6 cxd6 18.Rfd1 Qe7 19.Nd3 Bb3 20.Rdc1 Nxd3 21.Bxd3 Ne5 22.Qxa5 Nxd3
23.Rc7 Qf6 24.Qc3 Nxb2 25.Qxf6 Rxf6 26.Rxb7 Nc4 27.Rc1 h6  1-0

[Event "19th Donau Open"]
[Site "Aschach AUT"]
[Date "2010.12.30"]
[Round "6"]
[White "Neuman,P"]
[Black "Menezes,Chr"]
[Result "1/2-1/2"]
[WhiteElo "2476"]
[BlackElo "2012"]

1.d4 Nf6 2.c4 e6 3.Nc3 Bb4 4.Qc2 O-O 5.Nf3 c5 6.dxc5 Na6 7.c6 bxc6 8.a3 Bxc3+
9.Qxc3 Nc5 10.Bg5 Nce4 11.Bxf6 Qxf6 12.Qxf6 gxf6 13.Nd2 Nxd2 14.Kxd2 c5 15.e4 Bb7
16.Bd3 a5 17.Rac1 Bc6 18.Rc3 Rfb8 19.Kc1 Kf8 20.Bb1 Ke7 21.Rh3 Rh8 22.Rh5 d6
23.g4 Rag8 24.f3 Rg5 25.Rxg5 fxg5 26.h4 Kf6 27.Kd2 gxh4 28.Ke3 Rb8 29.Rxh4 Rxb2
30.Bd3 Kg7 31.e5 dxe5 32.Rxh7+ Kf6 33.g5+ Kxg5 34.Rxf7 Rb3 35.a4 Bxa4 36.Rc7 Ra3
37.Kd2 Ra2+ 38.Kc3 Ra3+ 39.Kd2 Ra2+ 40.Kc3 Ra3+  1/2-1/2

[Event "118th ch-NZL 2011"]
[Site "Auckland NZL"]
[Date "2011.01.04"]
[Round "3.7"]
[White "Barlow,M"]
[Black "Ansell,A"]
[Result "1-0"]
[WhiteElo "2140"]
[BlackElo "2001"]

1.d4 Nf6 2.c4 e6 3.Nc3 Bb4 4.Qc2 O-O 5.Nf3 b6 6.e3 Bb7 7.Bd2 d6 8.Be2 Nbd7
9.O-O Bxc3 10.Bxc3 Ne4 11.Rfd1 f5 12.b4 Ndf6 13.Bb2 Ng4 14.Rf1 Rf6 15.d5 Rh6
16.h3 exd5 17.Nd4 Qg5 18.Nxf5 Qxf5 19.Bxg4 Qf7 20.cxd5 Bxd5 21.Rac1 c6 22.Ba1 Rf8
23.f3 Ng3 24.Rf2 c5 25.e4 Bb7 26.bxc5 bxc5 27.Qb3 Qxb3 28.axb3 Ba6 29.Rd1 Rb8
30.e5 Ne2+ 31.Kh2 dxe5 32.Bxe5 Re8 33.f4 Nd4 34.Ra2 Rb6 35.Rda1 Nxb3 36.Rxa6 Nxa1
37.Rxa1 a6 38.Rc1 Ra8 39.Rxc5 a5 40.Rc7 a4 41.Rxg7+ Kf8 42.Rxh7 Raa6 43.Be2 Ra5
44.Rh8+ Ke7 45.Bc7 a3 46.Bxb6 a2 47.Bd4  1-0

[Event "1st HDBank Cup"]
[Site "Ho Chi Minh City VIE"]
[Date "2011.01.04"]
[Round "1.6"]
[White "Nguyen Thi Thanh An"]
[Black "Cao,S"]
[Result "0-1"]
[WhiteElo "2310"]
[BlackElo "2558"]

1.d4 e6 2.c4 Nf6 3.Nc3 Bb4 4.Qc2 O-O 5.e4 d5 6.e5 Ne4 7.Bd3 c5 8.Ne2 cxd4
9.Nxd4 f5 10.exf6 Qxf6 11.Bxe4 dxe4 12.Be3 Bxc3+ 13.Qxc3 e5 14.Nb5 Nc6 15.O-O-O Bg4
16.Rd6 Qf7 17.h3 Be2 18.Rd2 Qxc4 19.Nd6 Qxa2 20.b3 Qa3+ 21.Qb2 Qb4 22.Nxb7 Bd3
23.Nc5 Rac8 24.Nxd3 exd3 25.Rxd3 Qe4 26.Rc3 Nb4 27.Kd2 Rcd8+ 28.Ke2 Qxg2  0-1

[Event "23rd Staufer-Open"]
[Site "Leinzell GER"]
[Date "2011.01.05"]
[Round "8"]
[White "Wiley,To"]
[Black "Hahn,Markus"]
[Result "1/2-1/2"]
[WhiteElo "2295"]
[BlackElo "2072"]

1.d4 e6 2.c4 Nf6 3.Nc3 Bb4 4.Qc2 O-O 5.a3 Bxc3+ 6.Qxc3 b5 7.cxb5 c6 8.bxc6 Nxc6
9.e3 Ne4 10.Qc2 f5 11.Nf3 Bb7 12.Bd3 Ng5 13.Nxg5 Qxg5 14.f3 Rac8 15.Qf2 Nxd4  1/2-1/2

[Event "Australian Open"]
[Site "Cammeray AUS"]
[Date "2011.01.07"]
[Round "6.5"]
[White "Zhao Zong Yuan"]
[Black "Salaberry,G"]
[Result "1-0"]
[WhiteElo "2586"]
[BlackElo "2254"]

1.d4 Nf6 2.c4 e6 3.Nc3 Bb4 4.Qc2 O-O 5.a3 Bxc3+ 6.Qxc3 b5 7.cxb5 c6 8.a4 cxb5
9.axb5 Qb6 10.e3 Bb7 11.Qa5 Rc8 12.Ne2 Ne4 13.f3 Nd6 14.Nc3 Qxa5 15.Rxa5 Nc4
16.Ra4 Nb6 17.Ra2 d6 18.Bd2 Nc4 19.Bxc4 Rxc4 20.Ke2 Nd7 21.Rha1 Rc7 22.e4 Bc8
23.Bf4 e5 24.dxe5 dxe5 25.Be3 Rb7 26.Nd5 Nf6 27.Nb6 Rab8 28.Rxa7 Rxa7 29.Rxa7 Be6
30.Kd3 h5 31.Kc3 Ne8 32.Kb4 Rd8 33.Ra8 Rxa8 34.Nxa8 f5 35.exf5 Bxf5 36.Kc5 Bc8
37.Kc6 Be6 38.Nc7  1-0